00499nam a2200169 a 45000010005000000030009000050080041000140400028000550820019000831000031001022450071001332600043002043000008002476500024002556500024002796500026003035563CO-ViMGA141112s2004 ck r 000 u spa d aCO-ViMGAbspacCO-ViMGA04a986.10351 R3151 aReal Jardín Botánico, 10aMutis y la real expedición botánica del nuevo reino de granada aBogotá : bVillegas Editores, c1992 a2 v14aCOLOMBIA - HISTORIA14aEXPEDICION BOTANICA14aMUTIS, JOSE CELESTINO